Medagliere Olimpiadi invernali 2026 - Statistics

Statistiche generali
  • Questo quiz è stato fatto 42 volte
  • Il punteggio medio è 16 su 20
Statistiche sulle risposte
O A B Country % Corretto
10 6 14 Italia
100%
12 12 9 Stati Uniti
100%
8 9 6 Francia
98%
18 12 11 Norvegia
98%
10 7 3 Paesi Bassi
98%
5 4 6 Cina
93%
5 7 12 Giappone
93%
5 7 9 Canada
90%
8 10 8 Germania
90%
5 8 5 Austria
85%
1 0 2 Spagna
85%
8 6 4 Svezia
85%
6 9 8 Svizzera
85%
1 0 0 Brasile
80%
3 1 1 Regno Unito
80%
3 4 3 Corea del Sud
73%
3 2 1 Australia
60%
2 1 1 Slovenia
60%
2 2 1 Repubblica Ceca
58%
1 0 0 Kazakistan
40%
Nessun quiz corrispondente trovato
Distribuzione punteggi
Percentuale di utenti per punteggio
Percentile per numero di risposta
I tuoi punteggi nel tempo
Non hai fatto questo quiz